Soccer teams logos - Statistics

General Stats
  • This quiz has been taken 5,554 times
  • The average score is 22 of 25
Answer Stats
Picture Answer % Correct
Manchester city
100%
Barcelona
98%
Chelsea
97%
Juventus
97%
Liverpool
97%
Real Madrid
97%
Roma
97%
Bayern
96%
Manchester united
96%
Tottenham
94%
Arsenal
93%
PSG
93%
Napoli
90%
Atletico Madrid
89%
Celtic
89%
Monaco
88%
Dortmund
86%
Leipzig
86%
Porto
84%
Benfica
80%
Sevilla
79%
Hoffenheim
74%
Schalke
69%
Basel
53%
Spartak Moscow
29%
No matching quizzes found
Score Distribution
Percent of People with Each Score
Percentile by Number Answered
Your Score History
You have not taken this quiz